Kontrola užitkových vlastností oviec

Bibliographic Details
Main Author: Jurík, J. (Author)
Format: Article
Language:Slovak
Subjects:

MARC

LEADER 00000nab a2200000 a 4500
001 vtls000071568
003 SK-MaSNL
005 20260303025016.0
008 140328c1980 xo 0 slo
015 |a SNBRB19rr/mm-uuuuu 
035 |a CL0081669 
040 |a SNKBUCL  |b slo  |c SNKBUCL  |e AACR2 
041 0 |a slo 
044 |a xo  |c SK 
080 |a 636.3  |2 1981 
100 1 |a Jurík, J.  |4 aut  |9 609962 
245 1 0 |a Kontrola užitkových vlastností oviec  |c J. Jurík 
650 0 7 |a drobnochov  |2 snkbucl  |9 698324 
650 0 7 |a ovce východofrízske  |2 snkbucl  |9 1009074 
655 7 |a články z novín a časopisov  |2 snkbucl  |9 267496 
773 0 |t Záhradkár chovateľ  |g Roč. 16, č. 11 (1980), s. 430 
850 |a Slovenská národná knižnica v Martine  |a MTA001 
852 |a SNK  |b KIS3GCP 
958 |a RK 
992 |a RBX 
999 |c 1643821  |d 1645751